Pilgrims of '48 /

Gorde:
Xehetasun bibliografikoak
Egile nagusia: Goldmark, Josephine Clara, 1877-1950
Formatua: Liburua
Hizkuntza:English
Argitaratua: New York : Arno Press, 1975 [c1930]
Saila:The Modern Jewish experience
Gaiak:
LEADER 01183nam a2200313 i 4500
001 c000190917
003 CARM
005 20021125001100.0
008 750123r19751930nyuaf b 00010ceng
019 1 |a 455288  |5 LACONCORD2021 
020 |a 040506716X 
035 |a (OCoLC)2018231  |5 LACONCORD2021 
043 |a e-au--- 
050 0 0 |a DB83  |b .G6 1975 
100 1 |a Goldmark, Josephine Clara,  |d 1877-1950. 
245 1 0 |a Pilgrims of '48 /  |c by Josephine Goldmark. 
260 |a New York :  |b Arno Press,  |c 1975 [c1930] 
300 |a xviii, 311 p., [7] leaves of plates :  |b ill. ;  |c 23 cm. 
440 4 |a The Modern Jewish experience 
500 |a Reprint of the 1930 ed. published by Yale University Press, New Haven. 
504 |a Bibliography: p. [297]-300. 
600 1 0 |a Goldmark, Joseph,  |d 1819-1881. 
600 3 0 |a Wehle family. 
600 3 0 |a Brandeis family. 
651 0 |a Austria  |x History  |y Revolution, 1848-1849. 
852 8 |b CARM  |h A2:AK15A0  |i B06110  |p 0286790  |f BK 
082 0 4 |a 943.6/04/0924  |a B 
999 f f |i ee0d4d94-36cb-52f6-905b-a9e8acd163f7  |s 86bdd60c-80cf-5c32-9cb8-246fef7ac928 
952 f f |p Can circulate  |a CAVAL  |b CAVAL  |c CAVAL  |d CARM 1 Store  |e B06110  |f A2:AK15A0  |h Other scheme  |i book  |m 0286790